[Event "Team men PL"]
[Site "Sochi"]
[Date "2020.11.23"]
[Round "5.7"]
[White "Lobanov, Sergei"]
[Black "Iljiushenok, Ilia"]
[Result "1/2-1/2"]
[BlackElo "2539"]
[WhiteElo "2522"]
[LiveChessVersion "1.4.8"]

1.e4 {[%clk 1:30:58]} c5 {[%clk 1:30:56]} 2.Nf3 {[%clk 1:31:23]}
d6 {[%clk 1:31:23]} 3.d4 {[%clk 1:31:46]} cxd4 {[%clk 1:31:50]}
4.Nxd4 {[%clk 1:32:11]} Nf6 {[%clk 1:32:17]} 5.Nc3 {[%clk 1:32:32]}
a6 {[%clk 1:32:45]} 6.Bg5 {[%clk 1:32:54]} Nbd7 {[%clk 1:27:05]}
7.Bc4 {[%clk 1:33:17]} Qa5 {[%clk 1:22:35]} 8.Qd2 {[%clk 1:29:41]}
e6 {[%clk 1:22:41]} 9.f3 {[%clk 1:22:02]} Be7 {[%clk 1:18:19]}
10.O-O-O {[%clk 1:16:37]} O-O {[%clk 1:13:32]} 11.Kb1 {[%clk 1:15:31]}
Qc7 {[%clk 0:54:37]} 12.Bxe6 {[%clk 1:08:51]} fxe6 {[%clk 0:54:51]}
13.Nxe6 {[%clk 1:09:15]} Qc6 {[%clk 0:55:09]} 14.Nxf8 {[%clk 0:56:40]}
Bxf8 {[%clk 0:55:02]} 15.Rhe1 {[%clk 0:56:57]} b5 {[%clk 0:40:51]}
16.Nd5 {[%clk 0:49:15]} Nxd5 {[%clk 0:35:32]} 17.exd5 {[%clk 0:45:33]}
Qb6 {[%clk 0:35:23]} 18.Be7 {[%clk 0:42:09]} Bb7 {[%clk 0:34:36]}
19.Bxf8 {[%clk 0:41:37]} Rxf8 {[%clk 0:33:59]} 20.Re7 {[%clk 0:34:00]}
Nf6 {[%clk 0:31:05]} 21.Qd4 {[%clk 0:24:45]} Qxd4 {[%clk 0:31:13]}
22.Rxd4 {[%clk 0:25:13]} Bxd5 {[%clk 0:26:05]} 23.b3 {[%clk 0:20:26]}
Rc8 {[%clk 0:18:12]} 24.a4 {[%clk 0:17:31]} Kf8 {[%clk 0:15:48]}
25.Ra7 {[%clk 0:14:31]} Rc6 {[%clk 0:16:12]} 26.Rb4 {[%clk 0:14:23]}
Bf7 {[%clk 0:13:53]} 27.axb5 {[%clk 0:14:45]} axb5 {[%clk 0:14:20]}
28.Rxb5 {[%clk 0:15:02]} Bg6 {[%clk 0:14:46]} 29.Rb8+ {[%clk 0:15:28]}
Ne8 {[%clk 0:15:11]} 30.Ra2 {[%clk 0:15:39]} Ke7 {[%clk 0:14:50]}
31.Kc1 {[%clk 0:14:10]} d5 {[%clk 0:14:39]} 32.b4 {[%clk 0:10:35]}
Nd6 {[%clk 0:04:51]} 33.b5 {[%clk 0:11:01]} Rc5 {[%clk 0:05:18]}
34.b6 {[%clk 0:10:47]} Kd7 {[%clk 0:02:53]} 35.Ra7+ {[%clk 0:05:44]}
Kc6 {[%clk 0:03:17]} 36.Rc7+ {[%clk 0:04:17]} Kb5 {[%clk 0:03:46]}
37.Rxc5+ {[%clk 0:04:06]} Kxc5 {[%clk 0:04:14]} 38.b7 {[%clk 0:03:51]}
Kc6 {[%clk 0:04:41]} 39.Rg8 {[%clk 0:04:17]} Nxb7 {[%clk 0:04:47]}
40.Rxg7 {[%clk 0:34:46]} Nc5 {[%clk 0:33:24]} 41.h4 {[%clk 0:34:30]}
Ne6 {[%clk 0:33:35]} 42.Ra7 {[%clk 0:32:03]} Kd6 {[%clk 0:18:59]}
43.Kd2 {[%clk 0:29:43]} Ke5 {[%clk 0:17:21]} 44.c3 {[%clk 0:29:23]}
h5 {[%clk 0:05:35]} 45.Ke3 {[%clk 0:29:24]} Bc2 {[%clk 0:05:34]}
46.Rb7 {[%clk 0:24:49]} Nd8 {[%clk 0:02:44]} 47.Rg7 {[%clk 0:22:00]}
Ne6 {[%clk 0:03:11]} 48.Rg8 {[%clk 0:22:15]} Kf6 {[%clk 0:03:25]}
49.Rb8 {[%clk 0:21:33]} Ba4 {[%clk 0:02:43]} 50.g4 {[%clk 0:18:32]}
hxg4 {[%clk 0:00:50]} 51.fxg4 {[%clk 0:19:01]} Bd1 {[%clk 0:01:17]}
52.Rb4 {[%clk 0:19:26]} Ke5 {[%clk 0:01:32]} 53.Kd2 {[%clk 0:16:54]}
Bf3 {[%clk 0:01:53]} 54.Ke3 {[%clk 0:16:19]} Bd1 {[%clk 0:02:21]}
55.Kd3 {[%clk 0:14:45]} Bf3 {[%clk 0:02:18]} 56.Kd2 {[%clk 0:14:26]}
d4 {[%clk 0:02:01]} 57.cxd4+ {[%clk 0:07:32]} Nxd4 {[%clk 0:02:29]}
58.Kd3 {[%clk 0:08:02]} Be4+ {[%clk 0:01:46]} 59.Kd2 {[%clk 0:08:27]}
Bf3 {[%clk 0:02:13]} 60.g5 {[%clk 0:07:04]} Bh5 {[%clk 0:02:35]}
61.Kd3 {[%clk 0:06:52]} Bg6+ {[%clk 0:02:34]} 62.Kc4 {[%clk 0:07:16]}
Nf3 {[%clk 0:02:51]} 63.Kc5 {[%clk 0:06:54]} Kf5 {[%clk 0:03:17]}
64.Kd6 {[%clk 0:07:18]} Nxh4 {[%clk 0:03:42]} 65.Rxh4 {[%clk 0:07:46]}
Kxg5 {[%clk 0:04:10]} 1/2-1/2

[Event "Team men PL"]
[Site "Sochi"]
[Date "2020.11.23"]
[Round "5.8"]
[White "Bykov, Oleg"]
[Black "Shubin, Kirill"]
[Result "0-1"]
[BlackElo "2441"]
[WhiteElo "2362"]
[LiveChessVersion "1.4.8"]

1.d4 {[%clk 1:30:54]} e6 {[%clk 1:30:57]} 2.c4 {[%clk 1:31:01]}
Nf6 {[%clk 1:31:23]} 3.Nf3 {[%clk 1:30:31]} Bb4+ {[%clk 1:30:14]}
4.Nbd2 {[%clk 1:29:47]} O-O {[%clk 1:30:34]} 5.a3 {[%clk 1:30:07]}
Be7 {[%clk 1:31:01]} 6.e4 {[%clk 1:29:25]} d6 {[%clk 1:31:18]}
7.Be2 {[%clk 1:27:21]} Nbd7 {[%clk 1:31:25]} 8.Qc2 {[%clk 1:26:06]}
c5 {[%clk 1:31:42]} 9.d5 {[%clk 1:22:45]} Nh5 {[%clk 1:32:08]}
10.Nf1 {[%clk 1:17:03]} exd5 {[%clk 1:26:22]} 11.cxd5 {[%clk 1:11:49]}
Nb6 {[%clk 1:22:10]} 12.Ng1 {[%clk 0:58:02]} Nf6 {[%clk 1:20:36]}
13.Ng3 {[%clk 0:57:06]} Re8 {[%clk 1:15:52]} 14.Nf3 {[%clk 0:56:49]}
Bf8 {[%clk 1:15:12]} 15.O-O {[%clk 0:49:45]} g6 {[%clk 1:14:50]}
16.h3 {[%clk 0:49:07]} Bg7 {[%clk 1:15:09]} 17.Bf4 {[%clk 0:47:06]}
h6 {[%clk 0:58:06]} 18.Nd2 {[%clk 0:45:40]} Nfxd5 {[%clk 0:53:04]}
19.exd5 {[%clk 0:45:54]} Nxd5 {[%clk 0:52:30]} 20.Be3 {[%clk 0:43:04]}
Nxe3 {[%clk 0:51:29]} 21.fxe3 {[%clk 0:43:28]} Rxe3 {[%clk 0:51:56]}
22.Rf3 {[%clk 0:31:56]} Rxf3 {[%clk 0:51:11]} 23.Nxf3 {[%clk 0:28:45]}
Be6 {[%clk 0:47:44]} 24.Rd1 {[%clk 0:20:07]} Qc7 {[%clk 0:47:51]}
25.Ne4 {[%clk 0:16:42]} Rd8 {[%clk 0:47:29]} 26.Kh1 {[%clk 0:16:03]}
b6 {[%clk 0:46:46]} 27.Nd4 {[%clk 0:09:35]} Bxd4 {[%clk 0:44:38]}
28.Rxd4 {[%clk 0:09:59]} d5 {[%clk 0:45:03]} 29.Nd2 {[%clk 0:06:08]}
Qe7 {[%clk 0:34:59]} 30.Rf4 {[%clk 0:05:20]} Bxh3 {[%clk 0:35:26]}
31.Bd3 {[%clk 0:03:51]} Qg5 {[%clk 0:35:11]} 32.Rf2 {[%clk 0:04:01]}
Bg4 {[%clk 0:35:37]} 33.Nf3 {[%clk 0:03:54]} Bxf3 {[%clk 0:35:45]}
34.Rxf3 {[%clk 0:04:18]} Re8 {[%clk 0:35:33]} 35.Qf2 {[%clk 0:03:59]}
Re7 {[%clk 0:35:57]} 36.b3 {[%clk 0:03:54]} Kg7 {[%clk 0:35:58]}
37.a4 {[%clk 0:03:54]} Qe5 {[%clk 0:36:14]} 38.Kg1 {[%clk 0:03:15]}
h5 {[%clk 0:35:58]} 39.Bb5 {[%clk 0:03:08]} f5 {[%clk 0:35:12]}
40.Qh4 {[%clk 0:32:52]} Qe1+ {[%clk 1:05:07]} 41.Qxe1 {[%clk 0:33:16]}
Rxe1+ {[%clk 1:05:32]} 42.Kf2 {[%clk 0:33:43]} Re5 {[%clk 1:05:49]}
43.a5 {[%clk 0:30:43]} Kf6 {[%clk 1:05:16]} 44.b4 {[%clk 0:29:32]}
c4 {[%clk 1:03:21]} 45.axb6 {[%clk 0:26:35]} axb6 {[%clk 1:03:47]}
46.Ra3 {[%clk 0:25:35]} Re6 {[%clk 1:04:11]} 47.Ra8 {[%clk 0:25:27]}
Ke5 {[%clk 1:02:52]} 48.Ke3 {[%clk 0:19:55]} f4+ {[%clk 0:59:31]}
49.Kd2 {[%clk 0:20:21]} Rf6 {[%clk 0:59:58]} 50.Rg8 {[%clk 0:17:47]}
Kd4 {[%clk 0:52:25]} 51.Be8 {[%clk 0:17:53]} c3+ {[%clk 0:49:58]}
52.Kd1 {[%clk 0:10:12]} f3 {[%clk 0:48:27]} 53.gxf3 {[%clk 0:10:37]}
Rxf3 {[%clk 0:48:25]} 54.Rxg6 {[%clk 0:11:00]} Kc4 {[%clk 0:44:40]}
55.Rxb6 {[%clk 0:08:33]} Kb3 {[%clk 0:45:06]} 56.Rc6 {[%clk 0:03:42]}
d4 {[%clk 0:40:38]} 57.Bxh5 {[%clk 0:02:56]} Rh3 {[%clk 0:41:06]}
58.Bg4 {[%clk 0:01:17]} Rg3 {[%clk 0:41:31]} 59.Bf5 {[%clk 0:00:51]}
d3 {[%clk 0:41:45]} 60.Ke1 {[%clk 0:00:38]} Rg1+ {[%clk 0:41:47]}
61.Kf2 {[%clk 0:01:07]} d2 {[%clk 0:42:00]} 62.Kxg1 {[%clk 0:00:57]}
d1Q+ {[%clk 0:41:44]} 63.Kf2 {[%clk 0:01:22]} Kxb4 {[%clk 0:40:56]}
64.Be4 {[%clk 0:01:12]} Qd4+ {[%clk 0:40:28]} 65.Kf3 {[%clk 0:01:32]}
Ka3 {[%clk 0:40:38]} 66.Kf4 {[%clk 0:01:03]} Kb2 {[%clk 0:40:37]}
67.Kf3 {[%clk 0:01:15]} Kc1 {[%clk 0:40:45]} 68.Rg6 {[%clk 0:01:04]}
Qd1+ {[%clk 0:40:29]} 69.Ke3 {[%clk 0:01:08]} Qe1+ {[%clk 0:40:36]}
70.Kf3 {[%clk 0:01:04]} Qf1+ {[%clk 0:39:19]} 71.Ke3 {[%clk 0:01:05]}
Kb2 {[%clk 0:39:36]} 72.Rc6 {[%clk 0:00:59]} Kb3 {[%clk 0:37:49]}
73.Rb6+ {[%clk 0:01:27]} Ka3 {[%clk 0:37:34]} 74.Rc6 {[%clk 0:01:50]}
Qe1+ {[%clk 0:37:30]} 75.Kf3 {[%clk 0:02:07]} Kb4 {[%clk 0:37:21]}
76.Kf4 {[%clk 0:01:54]} Qf1+ {[%clk 0:36:27]} 77.Ke3 {[%clk 0:02:09]}
Qg1+ {[%clk 0:36:15]} 78.Kd3 {[%clk 0:01:59]} Qg3+ {[%clk 0:36:01]}
79.Kd4 {[%clk 0:01:58]} Qg7+ {[%clk 0:36:26]} 80.Ke3 {[%clk 0:01:52]}
Qa7+ {[%clk 0:36:36]} 81.Kd3 {[%clk 0:01:32]} Qd7+ {[%clk 0:36:59]}
82.Ke3 {[%clk 0:01:57]} Qd8 {[%clk 0:37:18]} 83.Kf4 {[%clk 0:01:30]}
Qd4 {[%clk 0:37:21]} 84.Kf3 {[%clk 0:01:38]} Kb3 {[%clk 0:37:36]}
85.Kf4 {[%clk 0:01:41]} Qd7 {[%clk 0:37:35]} 86.Ke3 {[%clk 0:01:30]}
Qd2+ {[%clk 0:37:30]} 87.Kf3 {[%clk 0:01:57]} Qd4 {[%clk 0:37:52]}
88.Kf4 {[%clk 0:02:14]} Kb2 {[%clk 0:38:10]} 89.Kf3 {[%clk 0:02:37]}
Qd7 {[%clk 0:37:29]} 90.Rb6+ {[%clk 0:03:02]} Ka3 {[%clk 0:37:52]}
91.Ra6+ {[%clk 0:02:56]} Kb4 {[%clk 0:38:14]} 92.Rb6+ {[%clk 0:01:09]}
Kc5 {[%clk 0:36:38]} 93.Rg6 {[%clk 0:01:24]} Kd4 {[%clk 0:36:01]}
94.Bc2 {[%clk 0:01:41]} Qh3+ {[%clk 0:36:03]} 95.Kf2 {[%clk 0:00:43]}
Qe3+ {[%clk 0:36:29]} 0-1

[Event "Team men PL"]
[Site "Sochi"]
[Date "2020.11.23"]
[Round "5.9"]
[White "Usmanov, Vasily"]
[Black "Nozdrachev, Leonid"]
[Result "1-0"]
[BlackElo "2391"]
[WhiteElo "2442"]
[LiveChessVersion "1.4.8"]

1.c4 {[%clk 1:30:57]} e6 {[%clk 1:29:47]} 2.Nf3 {[%clk 1:31:00]}
Nf6 {[%clk 1:29:52]} 3.g3 {[%clk 1:29:43]} d5 {[%clk 1:29:08]}
4.Bg2 {[%clk 1:30:09]} Be7 {[%clk 1:28:57]} 5.O-O {[%clk 1:30:32]}
O-O {[%clk 1:29:23]} 6.d4 {[%clk 1:30:01]} dxc4 {[%clk 1:28:41]}
7.Ne5 {[%clk 1:30:13]} c5 {[%clk 1:27:49]} 8.dxc5 {[%clk 1:29:57]}
Qc7 {[%clk 1:28:11]} 9.Nxc4 {[%clk 1:27:55]} Rd8 {[%clk 1:28:31]}
10.Qb3 {[%clk 1:25:16]} Nc6 {[%clk 1:28:06]} 11.Be3 {[%clk 1:19:49]}
Nd4 {[%clk 1:20:43]} 12.Bxd4 {[%clk 1:18:22]} Rxd4 {[%clk 1:20:49]}
13.Nba3 {[%clk 1:12:40]} Qxc5 {[%clk 1:12:21]} 14.Rac1 {[%clk 1:12:53]}
Qh5 {[%clk 1:10:13]} 15.Nb5 {[%clk 1:08:15]} Rd8 {[%clk 1:08:15]}
16.Bf3 {[%clk 0:57:34]} Qh3 {[%clk 1:05:33]} 17.Ne5 {[%clk 0:52:01]}
Bd7 {[%clk 0:48:59]} 18.Rfd1 {[%clk 0:41:44]} a6 {[%clk 0:38:45]}
19.Nd6 {[%clk 0:35:12]} Bxd6 {[%clk 0:29:06]} 20.Rxd6 {[%clk 0:34:34]}
Bc6 {[%clk 0:29:04]} 21.Rxd8+ {[%clk 0:33:08]} Rxd8 {[%clk 0:29:32]}
22.Nxc6 {[%clk 0:33:08]} bxc6 {[%clk 0:29:35]} 23.Qb6 {[%clk 0:33:22]}
Re8 {[%clk 0:27:15]} 24.Qxa6 {[%clk 0:31:00]} e5 {[%clk 0:25:59]}
25.e4 {[%clk 0:27:54]} h5 {[%clk 0:24:59]} 26.Qxc6 {[%clk 0:28:17]}
h4 {[%clk 0:23:21]} 27.a4 {[%clk 0:28:17]} Re6 {[%clk 0:21:42]}
28.Qc8+ {[%clk 0:27:50]} Kh7 {[%clk 0:21:25]} 29.Rc6 {[%clk 0:16:25]}
Ng4 {[%clk 0:09:33]} 30.Bxg4 {[%clk 0:16:39]} Qxg4 {[%clk 0:09:56]}
31.Rxe6 {[%clk 0:17:02]} fxe6 {[%clk 0:10:10]} 32.Qc4 {[%clk 0:17:12]}
Qf3 {[%clk 0:04:44]} 33.a5 {[%clk 0:16:58]} g5 {[%clk 0:04:24]}
34.Qc7+ {[%clk 0:13:28]} Kg6 {[%clk 0:00:51]} 35.Qxe5 {[%clk 0:13:23]}
Qd1+ {[%clk 0:00:44]} 36.Kg2 {[%clk 0:13:52]} g4 {[%clk 0:00:38]}
37.Qxe6+ {[%clk 0:14:16]} Kg7 {[%clk 0:00:40]} 38.Qe5+ {[%clk 0:14:43]}
Kg8 {[%clk 0:00:36]} 39.Qd5+ {[%clk 0:15:04]} 1-0

[Event "Team men PL"]
[Site "Sochi"]
[Date "2020.11.23"]
[Round "5.10"]
[White "Smirnov, Timofey"]
[Black "Pershin, Denis"]
[Result "1/2-1/2"]
[BlackElo "2387"]
[WhiteElo "2394"]
[LiveChessVersion "1.4.8"]

1.e4 {[%clk 1:30:57]} c6 {[%clk 1:30:56]} 2.d4 {[%clk 1:31:23]}
d5 {[%clk 1:31:23]} 3.e5 {[%clk 1:31:47]} Bf5 {[%clk 1:31:47]}
4.Nf3 {[%clk 1:32:07]} e6 {[%clk 1:32:05]} 5.Be2 {[%clk 1:32:26]}
c5 {[%clk 1:31:11]} 6.Be3 {[%clk 1:31:32]} Qb6 {[%clk 1:31:19]}
7.Nc3 {[%clk 1:31:11]} Nc6 {[%clk 1:31:05]} 8.O-O {[%clk 1:31:24]}
Qxb2 {[%clk 1:31:07]} 9.Qe1 {[%clk 1:31:11]} cxd4 {[%clk 1:30:51]}
10.Bxd4 {[%clk 1:31:29]} Nxd4 {[%clk 1:31:08]} 11.Nxd4 {[%clk 1:31:54]}
Bb4 {[%clk 1:31:25]} 12.Ndb5 {[%clk 1:32:06]} Ba5 {[%clk 1:20:13]}
13.Rb1 {[%clk 1:31:49]} Qxc2 {[%clk 1:20:26]} 14.Rc1 {[%clk 1:32:12]}
Qb2 {[%clk 1:20:43]} 15.Na4 {[%clk 1:31:21]} Bxe1 {[%clk 1:20:54]}
16.Nxb2 {[%clk 1:31:47]} Ba5 {[%clk 1:21:18]} 17.Nd6+ {[%clk 1:32:13]}
Kf8 {[%clk 1:21:41]} 18.Nxb7 {[%clk 1:31:17]} Bb6 {[%clk 1:21:16]}
19.Na4 {[%clk 1:31:16]} g5 {[%clk 0:59:42]} 20.g4 {[%clk 1:18:23]}
Bg6 {[%clk 0:59:37]} 21.Nxb6 {[%clk 1:17:02]} axb6 {[%clk 1:00:01]}
22.f4 {[%clk 1:10:18]} Ne7 {[%clk 0:48:34]} 23.Nd6 {[%clk 0:52:56]}
gxf4 {[%clk 0:48:00]} 24.Rxf4 {[%clk 0:53:18]} Rxa2 {[%clk 0:47:40]}
25.Bd3 {[%clk 0:53:05]} Ra7 {[%clk 0:47:39]} 26.Rcf1 {[%clk 0:51:14]}
Kg7 {[%clk 0:38:02]} 27.Bxg6 {[%clk 0:37:36]} Nxg6 {[%clk 0:38:21]}
28.Rxf7+ {[%clk 0:37:59]} Rxf7 {[%clk 0:38:46]} 29.Rxf7+ {[%clk 0:38:25]}
Kh6 {[%clk 0:39:07]} 30.Rf6 {[%clk 0:37:52]} Rf8 {[%clk 0:36:50]}
31.Rxe6 {[%clk 0:37:21]} Kg5 {[%clk 0:37:02]} 32.Nf5 {[%clk 0:34:48]}
Kxg4 {[%clk 0:34:59]} 33.Ne3+ {[%clk 0:34:49]} Kg5 {[%clk 0:35:09]}
34.Nxd5 {[%clk 0:34:46]} Kf5 {[%clk 0:35:09]} 35.Rxb6 {[%clk 0:32:51]}
Kxe5 {[%clk 0:35:33]} 36.Ne3 {[%clk 0:28:16]} Rf7 {[%clk 0:35:50]}
37.Ng4+ {[%clk 0:28:10]} Kf4 {[%clk 0:36:16]} 38.Rf6+ {[%clk 0:28:31]}
Rxf6 {[%clk 0:36:42]} 39.Nxf6 {[%clk 0:28:57]} Ne5 {[%clk 0:37:06]}
40.Nxh7 {[%clk 0:59:21]} Nf3+ {[%clk 1:07:33]} 41.Kg2 {[%clk 0:59:44]}
Nxh2 {[%clk 1:07:59]} 1/2-1/2

[Event "Team men PL"]
[Site "Sochi"]
[Date "2020.11.23"]
[Round "5.11"]
[White "Timerkhanov, Alexander"]
[Black "Tsoi, Dmitry"]
[Result "1/2-1/2"]
[BlackElo "2315"]
[WhiteElo "2379"]
[LiveChessVersion "1.4.8"]

1.d4 {[%clk 1:30:57]} e6 {[%clk 1:30:56]} 2.c4 {[%clk 1:31:15]}
f5 {[%clk 1:31:23]} 3.Nc3 {[%clk 1:31:37]} Nf6 {[%clk 1:31:51]}
4.Qc2 {[%clk 1:31:52]} d5 {[%clk 1:32:12]} 5.Nf3 {[%clk 1:31:51]}
Bd6 {[%clk 1:32:29]} 6.c5 {[%clk 1:29:28]} Be7 {[%clk 1:32:54]}
7.Bf4 {[%clk 1:29:35]} O-O {[%clk 1:33:04]} 8.e3 {[%clk 1:29:26]}
Ne4 {[%clk 1:31:14]} 9.Nxe4 {[%clk 1:25:46]} fxe4 {[%clk 1:31:35]}
10.Ne5 {[%clk 1:26:07]} Nd7 {[%clk 1:30:40]} 11.O-O-O {[%clk 1:13:49]}
Bg5 {[%clk 1:25:08]} 12.Bg3 {[%clk 1:09:47]} Bh4 {[%clk 1:22:07]}
13.f3 {[%clk 0:54:26]} Bxg3 {[%clk 1:18:32]} 14.hxg3 {[%clk 0:54:39]}
Nxe5 {[%clk 1:18:12]} 15.dxe5 {[%clk 0:55:05]} Qg5 {[%clk 1:18:30]}
16.f4 {[%clk 0:53:38]} Qe7 {[%clk 1:16:03]} 17.Kb1 {[%clk 0:52:20]}
Bd7 {[%clk 1:13:21]} 18.Be2 {[%clk 0:50:01]} a5 {[%clk 1:13:20]}
19.Rd4 {[%clk 0:35:57]} a4 {[%clk 1:10:46]} 20.a3 {[%clk 0:35:31]}
Ra5 {[%clk 1:10:20]} 21.Rc1 {[%clk 0:35:34]} Rfa8 {[%clk 1:08:22]}
22.Rb4 {[%clk 0:34:38]} b6 {[%clk 0:44:42]} 23.cxb6 {[%clk 0:32:18]}
c5 {[%clk 0:44:52]} 24.b7 {[%clk 0:32:42]} Rb8 {[%clk 0:45:19]}
25.Rb6 {[%clk 0:31:41]} c4 {[%clk 0:45:42]} 26.Bxc4 {[%clk 0:10:28]}
Rc5 {[%clk 0:44:55]} 27.Ba6 {[%clk 0:08:06]} Rxc2 {[%clk 0:45:04]}
28.Rxc2 {[%clk 0:08:32]} h6 {[%clk 0:22:25]} 29.Rd6 {[%clk 0:06:01]}
Rxb7 {[%clk 0:22:45]} 30.Bxb7 {[%clk 0:06:23]} Bb5 {[%clk 0:23:12]}
31.Ba6 {[%clk 0:06:03]} Bxa6 {[%clk 0:23:22]} 32.Rxa6 {[%clk 0:06:27]}
Qe8 {[%clk 0:21:06]} 33.Rb6 {[%clk 0:05:31]} d4 {[%clk 0:17:10]}
34.Rd6 {[%clk 0:01:14]} d3 {[%clk 0:07:28]} 35.Rc4 {[%clk 0:01:36]}
Qh5 {[%clk 0:06:09]} 36.Rxe4 {[%clk 0:01:43]} Qd1+ {[%clk 0:06:16]}
37.Ka2 {[%clk 0:02:08]} d2 {[%clk 0:05:58]} 38.Red4 {[%clk 0:02:32]}
Qb3+ {[%clk 0:06:25]} 39.Kb1 {[%clk 0:02:53]} Qd1+ {[%clk 0:06:53]}
40.Ka2 {[%clk 0:33:19]} Qb3+ {[%clk 0:37:21]} 41.Kb1 {[%clk 0:33:43]} 1/2-1/2

[Event "Team men PL"]
[Site "Sochi"]
[Date "2020.11.23"]
[Round "5.12"]
[White "Ter-Saakian, Grigorii"]
[Black "Askerov, Marat"]
[Result "0-1"]
[BlackElo "2338"]
[WhiteElo "2296"]
[LiveChessVersion "1.4.8"]

1.e4 {[%clk 1:30:51]} c6 {[%clk 1:30:57]} 2.e5 {[%clk 1:31:13]}
d5 {[%clk 1:29:00]} 3.c4 {[%clk 1:30:00]} Bf5 {[%clk 1:17:03]}
4.Qb3 {[%clk 1:28:50]} Qb6 {[%clk 1:15:01]} 5.d4 {[%clk 1:27:45]}
e6 {[%clk 1:12:14]} 6.Nc3 {[%clk 1:27:25]} dxc4 {[%clk 1:11:28]}
7.Bxc4 {[%clk 1:26:07]} Qxb3 {[%clk 1:11:03]} 8.Bxb3 {[%clk 1:25:17]}
Na6 {[%clk 1:10:08]} 9.Nge2 {[%clk 1:24:44]} Ne7 {[%clk 1:09:17]}
10.Be3 {[%clk 1:22:44]} Nc7 {[%clk 1:05:16]} 11.O-O {[%clk 1:22:08]}
Ned5 {[%clk 1:02:50]} 12.Rac1 {[%clk 1:22:13]} Be7 {[%clk 0:56:16]}
13.Ng3 {[%clk 1:21:43]} Bg6 {[%clk 0:49:17]} 14.Nce4 {[%clk 1:17:31]}
h5 {[%clk 0:43:15]} 15.Nc5 {[%clk 1:16:53]} h4 {[%clk 0:40:34]}
16.Ne2 {[%clk 1:11:42]} b6 {[%clk 0:38:24]} 17.Na4 {[%clk 1:09:42]}
Kd7 {[%clk 0:38:16]} 18.Rfd1 {[%clk 1:08:57]} Nxe3 {[%clk 0:31:03]}
19.fxe3 {[%clk 1:09:04]} Nd5 {[%clk 0:31:23]} 20.Bxd5 {[%clk 0:53:58]}
cxd5 {[%clk 0:29:36]} 21.Nac3 {[%clk 0:54:01]} Rac8 {[%clk 0:28:19]}
22.Kf2 {[%clk 0:54:12]} f6 {[%clk 0:26:34]} 23.Nf4 {[%clk 0:50:03]}
Bf5 {[%clk 0:24:37]} 24.exf6 {[%clk 0:48:28]} gxf6 {[%clk 0:24:38]}
25.Nce2 {[%clk 0:43:49]} Rcg8 {[%clk 0:22:40]} 26.a4 {[%clk 0:37:49]}
Bd6 {[%clk 0:21:31]} 27.Nc3 {[%clk 0:37:26]} Rg4 {[%clk 0:19:45]}
28.h3 {[%clk 0:36:22]} Rg3 {[%clk 0:18:12]} 29.a5 {[%clk 0:34:44]}
bxa5 {[%clk 0:15:44]} 30.Nb5 {[%clk 0:33:32]} Rb8 {[%clk 0:14:54]}
31.Nxd6 {[%clk 0:33:57]} Rxb2+ {[%clk 0:14:55]} 32.Ne2 {[%clk 0:34:21]}
Kxd6 {[%clk 0:15:08]} 33.Kf1 {[%clk 0:33:40]} Rxe3 {[%clk 0:15:08]}
34.Nf4 {[%clk 0:33:42]} Re4 35.Nh5 0-1

[Event "Team men PL"]
[Site "Sochi"]
[Date "2020.11.23"]
[Round "5.13"]
[White "Andreikin, Dmitry"]
[Black "Dubov, Daniil"]
[Result "1/2-1/2"]
[BlackElo "2699"]
[WhiteElo "2726"]
[LiveChessVersion "1.4.8"]

1.d4 {[%clk 1:30:55]} Nf6 {[%clk 1:30:43]} 2.c4 {[%clk 1:31:19]}
e6 {[%clk 1:30:55]} 3.Nc3 {[%clk 1:31:40]} c5 {[%clk 1:30:50]}
4.d5 {[%clk 1:31:34]} exd5 {[%clk 1:31:13]} 5.cxd5 {[%clk 1:32:00]}
d6 {[%clk 1:31:36]} 6.e4 {[%clk 1:32:01]} g6 {[%clk 1:32:00]}
7.Nf3 {[%clk 1:31:10]} a6 {[%clk 1:32:16]} 8.a4 {[%clk 1:27:39]}
Bg4 {[%clk 1:32:26]} 9.Be2 {[%clk 1:25:30]} Bxf3 {[%clk 1:32:22]}
10.Bxf3 {[%clk 1:25:49]} Bg7 {[%clk 1:31:55]} 11.Bf4 {[%clk 1:19:40]}
O-O {[%clk 1:31:35]} 12.O-O {[%clk 1:19:54]} Ne8 {[%clk 1:31:36]}
13.Bg4 {[%clk 1:13:03]} Nd7 {[%clk 1:25:16]} 14.Bxd7 {[%clk 1:09:15]}
Qxd7 {[%clk 1:25:39]} 15.Re1 {[%clk 1:08:50]} Rb8 {[%clk 1:14:09]}
16.h3 {[%clk 0:53:43]} b5 {[%clk 0:59:20]} 17.axb5 {[%clk 0:53:33]}
axb5 {[%clk 0:59:47]} 18.Ra6 {[%clk 0:50:35]} b4 {[%clk 0:55:42]}
19.Na4 {[%clk 0:45:40]} Qb5 {[%clk 0:49:21]} 20.Rc6 {[%clk 0:40:13]}
b3 {[%clk 0:44:07]} 21.Nxc5 {[%clk 0:30:40]} dxc5 {[%clk 0:44:04]}
22.Bxb8 {[%clk 0:31:04]} Qxb8 {[%clk 0:41:42]} 23.Rxc5 {[%clk 0:28:04]}
Bxb2 {[%clk 0:31:23]} 24.Re3 {[%clk 0:19:21]} Qa7 {[%clk 0:28:09]}
25.Rc8 {[%clk 0:11:03]} Bd4 {[%clk 0:23:12]} 26.Rxb3 {[%clk 0:11:28]}
Bxf2+ {[%clk 0:23:02]} 27.Kh1 {[%clk 0:11:54]} Nd6 {[%clk 0:14:14]}
28.Rxf8+ {[%clk 0:11:59]} Kxf8 {[%clk 0:14:41]} 29.e5 {[%clk 0:11:33]}
Ne4 {[%clk 0:14:18]} 30.d6 {[%clk 0:06:56]} Bg3 {[%clk 0:09:50]}
31.Rf3 {[%clk 0:07:02]} Nf2+ {[%clk 0:02:22]} 32.Rxf2 {[%clk 0:07:27]}
Qxf2 {[%clk 0:02:42]} 33.d7 {[%clk 0:07:52]} Bh4 {[%clk 0:03:07]}
34.d8Q+ {[%clk 0:08:14]} Bxd8 {[%clk 0:03:29]} 35.Qxd8+ {[%clk 0:08:41]}
Kg7 {[%clk 0:03:54]} 36.Qd5 {[%clk 0:08:57]} h5 {[%clk 0:04:14]}
37.Qe4 {[%clk 0:08:58]} Qb6 {[%clk 0:04:24]} 38.Qf4 {[%clk 0:08:48]}
Kf8 {[%clk 0:04:38]} 39.Kh2 {[%clk 0:08:56]} Ke7 {[%clk 0:05:02]}
40.Qg5+ {[%clk 0:39:01]} Kd7 {[%clk 0:35:26]} 41.Qf4 {[%clk 0:39:18]} 1/2-1/2

[Event "Team men PL"]
[Site "Sochi"]
[Date "2020.11.23"]
[Round "5.14"]
[White "Riazantsev, Alexander"]
[Black "Dreev, Aleksey"]
[Result "1/2-1/2"]
[BlackElo "2655"]
[WhiteElo "2628"]
[LiveChessVersion "1.4.8"]

1.d4 {[%clk 1:30:54]} Nf6 {[%clk 1:30:56]} 2.c4 {[%clk 1:31:15]}
e6 {[%clk 1:31:22]} 3.Nf3 {[%clk 1:31:38]} Bb4+ {[%clk 1:31:45]}
4.Nbd2 {[%clk 1:28:57]} b6 {[%clk 1:31:22]} 5.g3 {[%clk 1:28:47]}
Bb7 {[%clk 1:19:23]} 6.Bg2 {[%clk 1:29:04]} O-O {[%clk 1:18:51]}
7.O-O {[%clk 1:29:18]} d5 {[%clk 1:16:36]} 8.b3 {[%clk 1:22:23]}
a5 {[%clk 1:06:43]} 9.a3 {[%clk 1:10:56]} Bd6 {[%clk 0:55:38]}
10.Bb2 {[%clk 1:07:56]} Nbd7 {[%clk 0:52:40]} 11.Ne5 {[%clk 0:58:21]}
Bxe5 {[%clk 0:46:47]} 12.dxe5 {[%clk 0:57:08]} Ng4 {[%clk 0:45:01]}
13.e4 {[%clk 0:43:47]} Ngxe5 {[%clk 0:39:14]} 14.exd5 {[%clk 0:43:59]}
exd5 {[%clk 0:29:30]} 15.cxd5 {[%clk 0:44:08]} Nd3 {[%clk 0:27:34]}
16.Bc3 {[%clk 0:36:56]} Nf6 {[%clk 0:26:51]} 17.Qc2 {[%clk 0:21:10]}
Nc5 {[%clk 0:21:12]} 18.b4 {[%clk 0:21:34]} axb4 {[%clk 0:21:01]}
19.axb4 {[%clk 0:22:00]} Ncd7 {[%clk 0:20:39]} 20.Qd3 {[%clk 0:19:27]}
Re8 {[%clk 0:13:52]} 21.Nc4 {[%clk 0:19:33]} Nf8 {[%clk 0:12:40]}
22.Rxa8 {[%clk 0:17:23]} Bxa8 {[%clk 0:13:00]} 23.Rd1 {[%clk 0:17:40]}
N8d7 {[%clk 0:11:55]} 24.Qd4 {[%clk 0:14:06]} h6 {[%clk 0:10:01]}
25.h3 {[%clk 0:13:58]} Bb7 {[%clk 0:09:18]} 26.Ne3 {[%clk 0:11:23]}
Ne5 {[%clk 0:04:43]} 27.f4 {[%clk 0:11:07]} Ng6 {[%clk 0:03:52]}
28.Nf5 {[%clk 0:07:21]} Kh7 {[%clk 0:03:45]} 29.g4 {[%clk 0:07:50]}
Bc8 {[%clk 0:02:58]} 30.Nxg7 {[%clk 0:07:19]} Kxg7 {[%clk 0:03:23]}
31.g5 {[%clk 0:07:47]} Kh7 {[%clk 0:03:03]} 32.f5 {[%clk 0:04:23]}
Bxf5 {[%clk 0:01:56]} 33.Rf1 {[%clk 0:04:07]} Re5 {[%clk 0:02:07]}
34.Qd1 {[%clk 0:01:39]} Qd6 {[%clk 0:00:41]} 35.Bxe5 {[%clk 0:01:14]}
Qxe5 {[%clk 0:01:10]} 36.gxf6 {[%clk 0:01:38]} Nf4 {[%clk 0:00:54]}
37.Qf3 {[%clk 0:00:48]} Ne2+ {[%clk 0:01:13]} 38.Kf2 {[%clk 0:01:17]}
Nf4 {[%clk 0:01:19]} 39.Kg1 {[%clk 0:01:33]} Ne2+ {[%clk 0:01:38]}
40.Kf2 {[%clk 0:31:54]} Nf4 {[%clk 0:31:17]} 1/2-1/2